Normal view
MARC view
- Radio frequency integrated circuits -- Design and construction | Radio frequency integrated circuits -- Protection | Electrostatics | Electric discharges -- Prevention | Static eliminators
Entry Topical Term
001 - CONTROL NUMBER
- control field: 69340
003 - CONTROL NUMBER IDENTIFIER
- control field: NUST
005 - DATE AND TIME OF LATEST TRANSACTION
- control field: 20210628204222.0
008 - FIXED-LENGTH DATA ELEMENTS
- fixed length control field: 210628|| aca||aabn | a|a d
040 ## - CATALOGING SOURCE
- Original cataloging agency: NUST
- Transcribing agency: NUST
150 ## - HEADING--TOPICAL TERM
- Topical term or geographic name entry element: Radio frequency integrated circuits -- Design and construction | Radio frequency integrated circuits -- Protection | Electrostatics | Electric discharges -- Prevention | Static eliminators
670 ## - SOURCE DATA FOUND
- Source citation: Work cat.: (NUST): Voldman, Steven H 69339, ESD : RF technology and circuits , 2006
